| 000 | 00873nam a22002537a 4500 | ||
|---|---|---|---|
| 005 | 20170123162302.0 | ||
| 010 | _aB-069985 | ||
| 020 | _c55.00 | ||
| 035 | _aB-069985 | ||
| 037 | _bCen Lib/Ret | ||
| 040 |
_aDPL _bUR |
||
| 082 |
_a133.5 _bش ج ا |
||
| 100 |
_aشجاع عقیل _9139462 |
||
| 245 |
_aبرج جوزا اور آپکی شخصیت / _c شجاع عقیل |
||
| 246 |
_aBurj jooza aur apki shkhsiyat _bby Shuja Aqeel |
||
| 260 |
_a دہلی _bرہی کتاب گھر _c2002 |
||
| 270 |
_b دہلی _e110006 _aC-20, جیوتی کالونی لودی روڈ شاہدرہ |
||
| 300 |
_a176p. _c18cm(Hb) |
||
| 650 |
_aصحت سائنس _9139463 |
||
| 650 |
_a صحت سائنس دکھبحال _9107712 |
||
| 650 |
_aHealth science _916285 |
||
| 650 |
_aHealth science -- health care _9107713 |
||
| 942 |
_2ddc _cUR _h133.5 _mش ج ا |
||
| 999 |
_c106086 _d106086 |
||